000 00762nam a2200229Ii 4500
003 JO-AjNU
008 230605s9999||||xx |||||||||||||| ||und||
017 _a2001/7/1391
040 _aJO-AjNU
_bara
_erda
_cJO-AjNU
041 _aara
050 1 4 _aKMM51.2.2001
100 3 _aاعداد غيث ، عزت ,
_eauthor
_935196
245 0 0 _aقانون الأحوال الشخصية : قانون مؤقت رقم (61) لسنة 1976
250 _aط1
264 3 1 _aعمان : دار قنديل ، 2001
300 _a56ص
336 _atext
_btxt
_2rdacontent
337 _aunmediated
_bn
_2rdamedia
338 _avolume
_bnc
_2rdacarrier
490 0 _aسلسلة التشريعات القضائية (5)
650 4 _aاحوال شخصية -- قوانين
_935197
999 _aA14506
_c18074
_d18074